| 000 | 00494nam a2200181Ia 4500 | ||
|---|---|---|---|
| 008 | 240925s9999 xx 000 0 und d | ||
| 020 | _a9788121926676 | ||
| 082 | _a621.31 THE | ||
| 100 | _aTheraja ,A. K.; Theraja ,B. L. | ||
| 245 | 2 | _aA Textbook of Electrical Technology | |
| 250 | _a24th | ||
| 260 |
_aNew Delhi: _bS. Chand & Co _c,2014. |
||
| 300 |
_axxiii, 251p. _b3 _fOriginal |
||
| 500 | _aIncludes Index | ||
| 600 | _aElectrical Engineering | ||
| 650 | _aTechnology | ||
| 942 | _cBK | ||
| 999 |
_c14077 _d14077 |
||